Nhật ngữ căn bản : Gồm 3 băng cassette

Gespeichert in:
Bibliographische Detailangaben
Format: Buch
Sprache:Undetermined
Schlagworte:
Tags: Tag hinzufügen
Keine Tags, Fügen Sie den ersten Tag hinzu!
Thư viện lưu trữ: Trung tâm Học liệu Trường Đại học Cần Thơ
LEADER 00414nam a2200145Ia 4500
001 CTU_107587
008 210402s9999 xx 000 0 und d
020 |c 11000 
082 |a 495.6 
082 |b Nh124/T.1/C.1 
245 0 |a Nhật ngữ căn bản : 
245 0 |b Gồm 3 băng cassette 
650 |a Japanese language 
904 |i Thị Tuyến 
980 |a Trung tâm Học liệu Trường Đại học Cần Thơ